The memorandum /

Bibliographic Details
Main Author: Havel, Václav
Format: Book
Language:English
Czech
Published: New York : Grove : 1980.
Edition:1st Evergreen ed.

MARC

Tag First Indicator Second Indicator Subfields
LEADER 00000cam a22000008a 4500
001 in00000075753
005 20151008054840.0
008 800110c19801967nyu 00010 engm
010 |a  79028731   |z  68021262  
020 |a 0394176537 :  |c $4.95 
020 |a 0802143008 (Grove Press) 
035 |a (OCoLC)05942748 
035 |9 AAJ1855AM 
040 |a DLC  |c DLC  |d m.c.  |d TXA  |d UtOrBLW 
041 1 |a eng  |a cze 
049 |a TXAM  |c [1442283] 
050 0 0 |a PG5039.18.A9  |b V913 1980 
082 0 |a 891.8/625 
100 1 |a Havel, Václav. 
240 1 0 |a Vyrozumení.  |l English 
245 1 4 |a The memorandum /  |c Vaclav Havel ; translated from the Czech by Vera Blackwell ; introduction by Tom Stoppard. 
250 |a 1st Evergreen ed. 
263 |a 8002 
264 1 |a New York :  |b Grove :  |c 1980. 
264 2 |a New York :  |b Distributed by Random House, 
264 4 |c ©1967 
300 |a vii, 88 pages ;  |c 20 cm. 
336 |a text  |b txt  |2 rdacontent 
337 |a unmediated  |b n  |2 rdamedia 
338 |a volume  |b nc  |2 rdacarrier 
500 |a Translation of: Vyrozumeni. 
999 |a MARS 
999 f f |s ceaed3a5-c26b-3f0f-b7df-6f14ee7be9cf  |i c3c0e56f-6dec-3c3d-a747-3b7f422ec662  |t 0 
952 f f |p normal  |a Texas A&M University  |b College Station  |c Sterling C. Evans Library  |d Evans: Library Stacks  |t 0  |e PG5039.18.A9 V913 1980  |h Library of Congress classification  |i unmediated -- volume  |m A14806176173 
998 f f |a PG5039.18.A9 V913 1980  |t 0  |l Evans: Library Stacks